000 00398nam a2200157Ia 4500
008 230917s9999||||xx |||||||||||||| ||und||
040 _e77175
_aMAIN
041 _aEnglish
082 _a340.131 B512G
100 _aBindra, N S
245 0 _aGeneral clauses act: central and states
250 _a7th ed.
260 _aAllahabad
_bLaw Book Company
_c1980
300 _axvii, 528 p.
942 _cBK
999 _c202981
_d202981